The Churches of Mexico (Record no. 4083)

MARC details
000 -CABECERA
campo de control de longitud fija 00974nam a2200277 a 4500
001 - NÚMERO DE CONTROL
campo de control BRCA_4372
005 - FECHA Y HORA DE LA ÚLTIMA TRANSACCIÓN
campo de control 20190320204639.0
008 - DATOS DE LONGITUD FIJA--INFORMACIÓN GENERAL
campo de control de longitud fija 111208s1962----caua######---#000-0#eng-#
041 ## - CÓDIGO DE LENGUA
Código de lengua del texto/banda sonora o título independiente eng
044 ## - CÓDIGO DEL PAÍS DE LA ENTIDAD EDITORA/PRODUCTORA
Código MARC del país cau
050 #4 - SIGNATURA TOPOGRÁFICA DE LA BIBLIOTECA DEL CONGRESO
Número de clasificación NA5253
Número de documento/Ítem .B35 2
-- 1962
100 1# - ENTRADA PRINCIPAL--NOMBRE DE PERSONA
Nombre de persona Baird, Joseph Armstrong
9 (RLIN) 2325
245 10 - MENCIÓN DE TÍTULO
Título The Churches of Mexico
Resto del título 1530-1810
Mención de responsabilidad, etc. by Joseph Armstrong Baird ; photographs by Hugo Rudinger.
260 ## - PUBLICACIÓN, DISTRIBUCIÓN, ETC.
Lugar de publicación, distribución, etc. Berkeley, California
Nombre del editor, distribuidor, etc. University of California
Fecha de publicación, distribución, etc. 1962
300 ## - DESCRIPCIÓN FÍSICA
Extensión xxii, 126 p.
Otras características físicas il. (algunas a color), 163 láminas
Dimensiones 29 cm.
500 ## - NOTA GENERAL
Nota general Incluye lista de figuras y láminas, cronología, biografías de arquitectos y glosario
500 ## - NOTA GENERAL
Nota general Ejemplar igual a AA35
500 ## - NOTA GENERAL
Nota general B256
504 ## - NOTA DE BIBLIOGRAFÍA, ETC.
Nota de bibliografía, etc. Bibliografía: [70]-78
650 14 - PUNTO DE ACCESO ADICIONAL DE MATERIA--TÉRMINO DE MATERIA
Término de materia o nombre geográfico como elemento de entrada Arquitectura religiosa
Subdivisión general Historia
9 (RLIN) 7864
650 14 - PUNTO DE ACCESO ADICIONAL DE MATERIA--TÉRMINO DE MATERIA
Término de materia o nombre geográfico como elemento de entrada Iglesias
Subdivisión geográfica México
9 (RLIN) 4471
650 14 - PUNTO DE ACCESO ADICIONAL DE MATERIA--TÉRMINO DE MATERIA
Término de materia o nombre geográfico como elemento de entrada Arquitectura religiosa
Subdivisión geográfica México
9 (RLIN) 24
700 1# - PUNTO DE ACCESO ADICIONAL--NOMBRE DE PERSONA
Nombre de persona Rudinger, Hugo
Término indicativo de función/relación Fotógrafo
9 (RLIN) 11137
902 ## - CATALOGADOR
Iniciales GFM
942 ## - ELEMENTOS DE PUNTO DE ACCESO ADICIONAL (KOHA)
Fuente del sistema de clasificación o colocación Library of Congress Classification
Tipo de ítem Koha Libros
Holdings
Estado de retiro Estado de pérdida Estado dañado No para préstamo Localización permanente Ubicación/localización actual Fecha de adquisición Número de inventario Total de préstamos Signatura topográfica completa Código de barras Fecha visto por última vez Precio válido a partir de Tipo de ítem Koha
El ejemplar forma parte de la colección y puede ser consultado según las políticas vigentes.       Biblioteca del Museo Franz Mayer (Rogerio Casas-Alatriste) Biblioteca del Museo Franz Mayer (Rogerio Casas-Alatriste) 19/07/2010 B256   NA5253 .B35 2 1962 (B256) 4369 22/03/2019 22/03/2019 Libros